| 000 | 01019 a2200241 4500 | ||
|---|---|---|---|
| 003 | NUST | ||
| 005 | 20221021155237.0 | ||
| 010 | _a 91027831 | ||
| 020 | _a0387976833 (New York) | ||
| 020 | _a3540976833 (Berlin) | ||
| 040 | _cNust | ||
| 082 | 0 | 0 | _a006.3,ZHO |
| 100 | 1 |
_aZhou, Yi-Tong. _9101127 |
|
| 245 | 1 | 0 |
_aArtificial neural networks for computer vision / _cYi-Tong Zhou, Rama Chellappa. |
| 260 |
_aNew York : _bSpringer-Verlag, _cc1992. |
||
| 300 |
_axi, 170 p. : _bill. ; _c24 cm. |
||
| 440 | 0 |
_aResearch notes in neural computing ; _vv. 5 _9101128 |
|
| 505 | _aIntroduction (Page-1), Computational Neural Network (Page-6), Static Stereo (Page-15), Motion Stereo Lateral Motion (Page-44), Motion Stereo Longitudinal Motion (Page-63),Computation Of Optical Flow (Page-83), Image Restoration (Page-122), Conclusions And Future Research (Page-147). | ||
| 650 | 0 | _aComputer vision. | |
| 650 | 0 |
_aNeural networks (Computer science) _918586 |
|
| 700 | 1 |
_aChellappa, Rama. _9101129 |
|
| 942 |
_cBK _2ddc _k006.3,ZHO |
||
| 999 |
_c175404 _d175404 |
||